[Event "Titled Tue 19th Jul Late"]
[Site "chess.com INT"]
[Date "2022.07.19"]
[Round "10"]
[White "Nakamura,Hi"]
[Black "Naroditsky,D"]
[Result "0-1"]
[WhiteElo "2760"]
[BlackElo "2617"]

1.e4 e5 2.Nf3 Nc6 3.Bb5 f5 4.d3 fxe4 5.dxe4 Nf6 6.O-O d6 7.Bc4 Bg4 8.Qd3 Na5
9.Bb3 Nxb3 10.axb3 Be7 11.h3 Bxf3 12.Qxf3 O-O 13.Nc3 c6 14.Rd1 Qe8 15.Bg5 Qg6
16.Bh4 Nh5 17.Qxh5 Qxh5 18.Bxe7 Rf7 19.Bxd6 Rd8 20.Bc5 Rfd7 21.Rxd7 Rxd7
22.Rxa7 h6 23.Be3 Kh7 24.b4 Qf7 25.Ra4 b5 26.Ra3 Qc4 27.Rb3 Rd8 28.Kh2 Ra8
29.Kg3 Ra1 30.Kh2 g5 31.Kg3 Kg6 32.Kf3 h5 33.Bc5 Re1 34.g3 Qf1  0-1

[Event "Titled Tue 19th Jul Early"]
[Site "chess.com INT"]
[Date "2022.07.19"]
[Round "10"]
[White "Andreikin,D"]
[Black "Nakamura,Hi"]
[Result "1/2-1/2"]
[WhiteElo "2729"]
[BlackElo "2760"]

1.d4 Nf6 2.c4 e6 3.Nf3 d5 4.g3 Be7 5.Bg2 O-O 6.O-O dxc4 7.Qc2 b5 8.a4 Bb7
9.axb5 a6 10.bxa6 Nxa6 11.Qxc4 Bd5 12.Qc3 c5 13.dxc5 Nxc5 14.Rxa8 Qxa8 15.Be3 Nfe4
16.Qc2 Rc8 17.Nc3 Nxc3 18.Qxc3 Bf6 19.Qa3 Na4 20.Rc1 Nxb2 21.Qxa8 Rxa8 22.Bd4  1/2-1/2

[Event "Titled Tue 19th Jul Early"]
[Site "chess.com INT"]
[Date "2022.07.19"]
[Round "11"]
[White "Nakamura,Hi"]
[Black "Tabatabaei,M"]
[Result "1/2-1/2"]
[WhiteElo "2760"]
[BlackElo "2664"]

1.Nf3 d5 2.e3 Nf6 3.c4 e6 4.Nc3 c6 5.b3 Bd6 6.Bb2 O-O 7.d4 Nbd7 8.Qc2 e5
9.cxd5 cxd5 10.dxe5 Nxe5 11.Be2 Bg4 12.Nd4 Rc8 13.O-O Ne4 14.f3 Nxc3 15.Bxc3 Bb4
16.Bxb4 Rxc2 17.Nxc2 Be6 18.Bxf8 Qxf8 19.Nd4 g5 20.Rac1 Qb4 21.Rfd1 Qa5 22.Rc2 Kg7
23.Kf2 h5 24.a4 h4 25.h3 a6 26.f4 gxf4 27.exf4 Nc6 28.Nxc6 bxc6 29.Rxc6 Qb4
30.Rd3 d4 31.f5 Bxb3 32.f6+ Kh6 33.Rc8 Bxa4 34.Rh8+ Kg5 35.Rh5+ Kxf6 36.Rxh4 Bb5
37.Rhxd4 Qc5 38.Rd2 Ke5 39.Bxb5 axb5 40.Ke3 b4 41.Ke2 Qxd4 42.Rxd4 Kxd4 43.Kd2 Ke4
44.h4 Kf4 45.Kc2 f5 46.Kb3 Kg4 47.g3 Kxg3 48.h5 f4 49.h6 f3 50.h7 f2 51.h8=Q f1=Q
52.Qg7+ Kf2 53.Qf6+ Ke1 54.Qxf1+ Kxf1 55.Kxb4  1/2-1/2

[Event "Titled Tue 19th Jul Late"]
[Site "chess.com INT"]
[Date "2022.07.19"]
[Round "11"]
[White "Terry,R"]
[Black "Nakamura,Hi"]
[Result "0-1"]
[WhiteElo "2502"]
[BlackElo "2760"]

1.d4 g6 2.e4 Bg7 3.Nf3 d6 4.c3 Nd7 5.Nbd2 e5 6.dxe5 dxe5 7.Nc4 b6 8.Bg5 f6
9.Bh4 Qe7 10.Qd5 Rb8 11.Qc6 Qc5 12.Qxc5 Nxc5 13.Nfd2 Ne7 14.f3 Be6 15.Bf2 Na4
16.O-O-O b5 17.Na5 a6 18.Kc2 Kf7 19.b3 Nb6 20.Bc5 Ra8 21.Be2 Nd7 22.Be3 Rhc8
23.h4 Rab8 24.h5 c5 25.hxg6+ hxg6 26.Bh6 Rh8 27.Bxg7 Rxh1 28.Rxh1 Kxg7 29.Nf1 f5
30.Bd3 f4 31.Nd2 Rb6 32.Be2 g5 33.Rd1 Ng6 34.Nf1 Kf6 35.Nh2 Ke7 36.Rg1 Nf6
37.g3 Nh7 38.gxf4 exf4 39.Ng4 Bxg4 40.Rxg4 Ne5 41.Rg2 Rh6 42.a4 g4 43.Bd1 g3
44.Be2 Rh2 45.Bf1 Nxf3 46.Kd1 Nh4  0-1

[Event "Chess.com RCC Wk22 Swiss"]
[Site "chess.com INT"]
[Date "2022.07.23"]
[Round "1"]
[White "Sjugirov,S"]
[Black "Nakamura,Hi"]
[Result "0-1"]
[WhiteElo "2696"]
[BlackElo "2760"]

1.e4 c6 2.d4 d5 3.Nc3 g6 4.e5 Bg7 5.f4 h5 6.Nf3 Bg4 7.h3 Bxf3 8.Qxf3 e6 9.Be3 h4
10.Bd3 Ne7 11.O-O Nd7 12.Bf2 Rc8 13.b4 Nf5 14.Na4 b6 15.a3 Bf8 16.Rab1 Be7
17.Rfd1 Kf8 18.Nb2 a5 19.c3 Kg7 20.Na4 axb4 21.axb4 Ra8 22.Ra1 Ra7 23.Rdb1 Qc7
24.Nb2 Rha8 25.Qd1 Ra3 26.Bxf5 exf5 27.Nd3 Nf8 28.Qc1 Qa7 29.Rxa3 Qxa3 30.Qc2 Ne6
31.b5 cxb5 32.Rxb5 Rc8 33.Rb3 Qa1+ 34.Kh2 b5 35.Qd2 Qa4 36.Qb2 Qc4 37.Qb1 Ra8
38.Rxb5 Qxc3 39.Rb3 Qc4 40.Qb2 Rc8 41.Be3 Qc2 42.Qxc2 Rxc2 43.Ne1 Rc7 44.Nf3 Rd7
45.Kg1 Bd8 46.Kf1 Ra7 47.Kg1 Ra1+ 48.Kh2 Ra7 49.Kg1 Ra6 50.Kh2 Ra2 51.Kg1 Re2
52.Kf1 Ra2 53.Kg1 Kf8 54.Kh2 Ke8 55.Kg1 Kd7 56.Rb7+ Ke8 57.Rb5 Re2 58.Rb3 f6
59.Kf1 Ra2 60.Rb5 Ra1+ 61.Kf2 g5 62.Rxd5 g4 63.Nxh4 fxe5 64.Ng6 Ra2+ 65.Kf1 Ra1+
66.Kf2 exd4 67.Bxd4 Nxd4 68.hxg4 Bb6 69.gxf5 Nxf5+ 70.Kf3 Ra3+ 71.Ke4 Ng7
72.f5 Nh5 73.Re5+ Kd8 74.Rb5 Re3+ 75.Kd5 Nf6+ 76.Kd6 Bc7+ 77.Kc6 Ra3 78.Nf8 Ra6+
79.Kb7 Ra1 80.Ne6+ Kd7 81.Nxc7 Rc1 82.Ne6 Ne8 83.Rb6 Nd6+ 84.Ka7 Nc8+ 85.Kb7 Nxb6
86.Kxb6 Kd6 87.Kb5 Rb1+ 88.Kc4 Rg1 89.Kd3 Rxg2 90.Ke4 Re2+ 91.Kf3 Re1 92.Nf4 Ra1
93.Ng2 Ke5 94.Kg3 Kxf5 95.Nh4+ Ke4 96.Kg4 Rg1+ 97.Kh3 Kf4 98.Kh2 Rg8 99.Ng2+ Kg4  0-1

[Event "Chess.com RCC Wk22 Swiss"]
[Site "chess.com INT"]
[Date "2022.07.23"]
[Round "2"]
[White "Nakamura,Hi"]
[Black "Hansen,Eric"]
[Result "1-0"]
[WhiteElo "2760"]
[BlackElo "2606"]

1.e4 e5 2.Nf3 Nc6 3.d4 exd4 4.Nxd4 Nf6 5.Nc3 Bb4 6.Nxc6 bxc6 7.Bd3 d5 8.exd5 O-O
9.O-O cxd5 10.Bg5 c6 11.Na4 h6 12.Bh4 Be7 13.Re1 Bg4 14.Qd2 Re8 15.c3 Qc7
16.Bg3 Qa5 17.Bc2 Bf8 18.f3 Bh5 19.b4 Qa6 20.Bf2 Nd7 21.Bd4 Bg6 22.Bxg6 fxg6
23.Qc2 Kf7 24.Nb2 Bd6 25.a4 Qb7 26.Nd3 a6 27.Qa2 Kg8 28.c4 Kh7 29.cxd5 cxd5
30.Qb3 Nf8 31.Bf2 Ne6 32.b5 axb5 33.axb5 Rab8 34.b6 Nf4 35.Nxf4 Rxe1+ 36.Rxe1 Bxf4
37.h4 Qc6 38.Qd3 Rxb6 39.g3 Bc7 40.Bxb6 Bxb6+ 41.Kg2 Qd6 42.h5 Ba5 43.Re8 Bc7
44.hxg6+ Qxg6 45.Rh8+ Kxh8 46.Qxg6  1-0

[Event "Chess.com RCC Wk22 Swiss"]
[Site "chess.com INT"]
[Date "2022.07.23"]
[Round "3"]
[White "Abdusattorov,Nodirbek"]
[Black "Nakamura,Hi"]
[Result "0-1"]
[WhiteElo "2688"]
[BlackElo "2760"]

1.e4 e5 2.Nf3 Nc6 3.Bc4 Nf6 4.d3 Bc5 5.Nc3 h6 6.O-O d6 7.Na4 Bb6 8.a3 O-O
9.c3 Ne7 10.Re1 Ng6 11.h3 Re8 12.Bb3 Ba5 13.Bc2 c6 14.b4 Bc7 15.c4 d5 16.exd5 cxd5
17.Nc3 Bf5 18.Bb2 a6 19.Nxd5 Nxd5 20.cxd5 Qxd5 21.d4 Bxc2 22.Qxc2 e4 23.Ne5 Nxe5
24.dxe5 Bxe5 25.Rad1 Qe6 26.Bxe5 Qxe5 27.Rd7 b5 28.Qc7 Qf5 29.Re7 Rac8 30.Qb7 Rxe7
31.Qxe7 Rc3 32.a4 bxa4 33.Qe8+ Kh7 34.Qxa4 Qg6 35.Qe8 Rc4 36.b5 a5 37.b6 Rb4
38.Qe5 a4 39.b7 Rxb7 40.Rxe4 Rb5 41.Qe8 a3 42.Ra4 Rb1+ 43.Kh2 Qd6+ 44.f4 f5
45.Qe5 Qxe5 46.fxe5 Rb3 47.Ra6 Re3 48.h4 g5 49.hxg5 hxg5 50.Kg1 f4 51.Kf2 Kg7
52.Kf1 g4 53.Kf2 g3+ 54.Kf1 Kf7 55.Rf6+ Ke7 56.Ra6 Kd7 57.Rd6+ Ke8 58.Re6+ Kd8
59.Rd6+ Ke7 60.Ra6 Rb3 61.Ke2 f3+ 62.gxf3 Rb2+  0-1

[Event "Chess.com RCC Wk22 Swiss"]
[Site "chess.com INT"]
[Date "2022.07.23"]
[Round "4"]
[White "Nakamura,Hi"]
[Black "Sarana,A"]
[Result "1-0"]
[WhiteElo "2760"]
[BlackElo "2668"]

1.Nf3 d5 2.d4 Nf6 3.c4 e6 4.Nc3 dxc4 5.Qa4+ Nbd7 6.Qxc4 a6 7.b4 Be7 8.g3 b5
9.Qb3 Bb7 10.Bg2 Nb6 11.O-O O-O 12.Rd1 Nfd5 13.a3 Nxc3 14.Qxc3 Bf6 15.Qc2 a5
16.Ng5 Bxg5 17.Bxb7 Ra7 18.Bxg5 Qxg5 19.bxa5 Nc4 20.a6 Qe7 21.a4 Na5 22.Be4 f5
23.axb5 fxe4 24.Rxa5 e3 25.f3 h5 26.Qc5  1-0

[Event "Chess.com RCC Wk22 Swiss"]
[Site "chess.com INT"]
[Date "2022.07.23"]
[Round "5"]
[White "Caruana,F"]
[Black "Nakamura,Hi"]
[Result "1/2-1/2"]
[WhiteElo "2783"]
[BlackElo "2760"]

1.e4 e5 2.Nf3 Nc6 3.Bb5 Nf6 4.O-O Nxe4 5.Re1 Nd6 6.Nxe5 Be7 7.Bf1 Nxe5 8.Rxe5 O-O
9.Nc3 Ne8 10.Nd5 Bd6 11.Re1 c6 12.Ne3 Be7 13.c4 Nc7 14.d4 d5 15.cxd5 Bb4
16.Bd2 Bxd2 17.Qxd2 Nxd5 18.Nxd5 Qxd5 19.Re5 Qd6 20.Bc4 Bd7 21.Rae1 Rae8
22.Qe3 Rxe5 23.dxe5 Qb4 24.b3 Qb6 25.Qxb6 axb6 26.Rd1 Bf5 27.a4 g5 28.f3 Re8
29.g4 Bc8 30.Kf2 Kg7 31.b4 b5 32.axb5 cxb5 33.Bxb5 Rxe5 34.Bc4 Be6 35.Bxe6 Rxe6
36.Rd5 h6 37.Kg3 Rb6 38.b5 Rf6 39.Rc5 Kf8 40.h4 gxh4+ 41.Kxh4 Rxf3 42.Rc7 Kg7
43.Rxb7 Kg6 44.Rb6+ f6 45.Rb8 Rb3 46.b6 Kh7 47.Rb7+ Kg6 48.Rb8 Kh7 49.Rb7+ Kg6
50.Rb8  1/2-1/2

[Event "Chess.com RCC Wk22 Swiss"]
[Site "chess.com INT"]
[Date "2022.07.23"]
[Round "8"]
[White "Kamsky,G"]
[Black "Nakamura,Hi"]
[Result "1/2-1/2"]
[WhiteElo "2655"]
[BlackElo "2760"]

1.e4 e5 2.Nf3 Nc6 3.Bb5 Nf6 4.O-O Nxe4 5.Re1 Nd6 6.Nxe5 Be7 7.Bf1 Nxe5 8.Rxe5 O-O
9.d4 Bf6 10.Re1 Re8 11.c3 Rxe1 12.Qxe1 Nf5 13.Bf4 c6 14.Nd2 d5 15.Nf3 Ne7
16.Be5 Bxe5 17.Qxe5 Ng6 18.Qe3 Bd7 19.Re1 Qf6 20.Ne5 Nxe5 21.dxe5 Qg6 22.h3 b6
23.f4 Bf5 24.Be2 h5 25.Kh2 Re8 26.Qg3 Qh6 27.Qh4 c5 28.Rf1 d4 29.cxd4 cxd4
30.Rd1 f6 31.Rxd4 fxe5 32.fxe5 Rxe5 33.Qxh5 Qxh5 34.Bxh5 Bb1 35.Bg4 Bxa2
36.Ra4 Be6 37.Bxe6+ Rxe6 38.Rxa7 Re2 39.h4 Rxb2  1/2-1/2

[Event "Chess.com RCC Wk22 KO"]
[Site "chess.com INT"]
[Date "2022.07.24"]
[Round "1.1"]
[White "Nakamura,Hi"]
[Black "Kamsky,G"]
[Result "1-0"]
[WhiteElo "2760"]
[BlackElo "2655"]

1.Nf3 Nf6 2.e3 g6 3.b3 Bg7 4.Bb2 O-O 5.d4 c5 6.dxc5 Qa5+ 7.c3 Qxc5 8.Ba3 Qb6
9.Bxe7 Re8 10.Bxf6 Qxf6 11.Be2 Nc6 12.O-O a6 13.Nd4 d5 14.Nd2 Bd7 15.N2f3 Rac8
16.Qd2 g5 17.Rad1 g4 18.Ne1 h5 19.Nd3 Bh6 20.Nc5 Rc7 21.Nxd7 Rxd7 22.Nxc6 bxc6
23.Qd4 Qd6 24.Qd3 a5 25.Rfe1 Qf6 26.Qd4 Bg7 27.Qxf6 Bxf6 28.Rc1 Kg7 29.Red1 Red8
30.g3 Be5 31.Kg2 f5 32.h3 Kg6 33.b4 Ra7 34.a4 Rd6 35.b5 cxb5 36.Bxb5 Rc7
37.Rd3 Kg5 38.Rcd1 Rxc3 39.Rxd5 Rxd5 40.Rxd5 Kf6 41.h4 Ke6 42.Rd2 Rc7 43.Be8 Rb7
44.Bxh5 Rb2 45.Rd3 Bd6 46.Bf7+ Ke7 47.Rd5 Rb4 48.Rxf5 Rxa4 49.h5 Rb4 50.h6 Rb8
51.h7 Bb4 52.Bg8 Bc3 53.Rxa5  1-0

[Event "Chess.com RCC Wk22 KO"]
[Site "chess.com INT"]
[Date "2022.07.24"]
[Round "2.1"]
[White "Nakamura,Hi"]
[Black "Abdusattorov,Nodirbek"]
[Result "1-0"]
[WhiteElo "2760"]
[BlackElo "2688"]

1.d4 Nf6 2.Bg5 d5 3.e3 c5 4.dxc5 e6 5.c4 Bxc5 6.Nc3 Bb4 7.Qb3 Nc6 8.O-O-O h6
9.Bxf6 Qxf6 10.cxd5 exd5 11.Nxd5 Qd6 12.Nxb4 Qxb4 13.Qxb4 Nxb4 14.a3 Nc6
15.Bb5 Bd7 16.Ne2 a6 17.Bxc6 Bxc6 18.f3 Ke7 19.Nd4 Bd7 20.Kd2 h5 21.e4 Rh6
22.Ke3 Rb6 23.b3 a5 24.Rc1 Be6 25.Rc3 Rd8 26.Rd1 g5 27.Rdd3 Rc8 28.Rxc8 Bxc8
29.Rc3 Be6 30.Rc5 f6 31.Rxa5 Bxb3 32.h4 gxh4 33.Rxh5 Bf7 34.Rb5 Rxb5 35.Nxb5 Be6
36.Kd4 h3 37.gxh3 Bxh3 38.f4 Bg2 39.Nc3 Ke6 40.f5+ Ke7 41.a4 Bf1 42.a5 Kf7
43.Kc5 Ke7 44.Nd5+ Kf7 45.Nb4 Ke7 46.Nd5+ Kf7 47.Kd6 Bd3 48.Nc3 Bc4 49.Na4 Bd3
50.Nc5 Bc2 51.Kc7  1-0

[Event "Chess.com RCC Wk22 KO"]
[Site "chess.com INT"]
[Date "2022.07.24"]
[Round "3.1"]
[White "Caruana,F"]
[Black "Nakamura,Hi"]
[Result "0-1"]
[WhiteElo "2783"]
[BlackElo "2760"]

1.d4 Nf6 2.c4 e6 3.Nc3 Bb4 4.e3 O-O 5.Bd3 c5 6.Ne2 d5 7.cxd5 cxd4 8.exd4 Nxd5
9.a3 Bd6 10.O-O Nc6 11.Re1 Qh4 12.g3 Qh5 13.Nxd5 exd5 14.Bf4 Be7 15.Nc3 Bg4
16.Be2 Bxe2 17.Qxe2 Qxe2 18.Rxe2 Rfd8 19.Rd1 Rac8 20.h4 f6 21.h5 Kf7 22.Kg2 Na5
23.Rd3 Nc4 24.g4 Rc6 25.Nd1 Bd6 26.Bxd6 Rdxd6 27.a4 Rb6 28.b3 Na5 29.Rb2 Nc6
30.Ne3 Nb4 31.Rdd2 a5 32.Rb1 Rbc6 33.Rdd1 Rd7 34.Rdc1 Rdc7 35.Rxc6 Rxc6 36.Kf3 Rc3
37.Ke2 g6 38.hxg6+ hxg6 39.Rh1 Kg7 40.Rb1 Kg8 41.Kd2 Rd3+ 42.Ke2 Rxd4 43.Rc1 Rd3
44.Rc7 Rxb3 45.Rxb7 Ra3 46.Rb5 Rxa4 47.Nxd5 Nxd5 48.Rxd5 g5 49.Rf5 Kf7 50.f3 Ra1
51.f4 gxf4 52.g5 a4 53.Rxf6+ Kg7 54.Kd3 f3 55.Kc3 Rb1 56.Kc2 Rb3 57.Rf4 Ra3
58.Kb2 Re3 59.Rxa4 Kg6 60.Kc2 Kxg5 61.Kd2 Re2+ 62.Kd3 Re1  0-1

[Event "Chess.com RCC Wk23 Swiss"]
[Site "chess.com INT"]
[Date "2022.07.30"]
[Round "1"]
[White "Alekseenko,K"]
[Black "Nakamura,Hi"]
[Result "1/2-1/2"]
[WhiteElo "2708"]
[BlackElo "2760"]

1.e4 c6 2.d4 d5 3.e5 Bf5 4.Nd2 e6 5.Nb3 Nd7 6.Nf3 Ne7 7.Be2 h6 8.O-O g5 9.Bd2 Qc7
10.a4 f6 11.exf6 Ng6 12.Ne5 Nxf6 13.g4 Nxe5 14.dxe5 Qxe5 15.gxf5 Bd6 16.f4 gxf4
17.Bh5+ Ke7 18.Bxf4 Rag8+ 19.Bg6 Qe4 20.Bxd6+ Kxd6 21.Qd4 e5 22.Qxe4 Nxe4
23.Rad1 Nf6 24.Nc1 e4 25.Ne2 Ke5 26.h3 c5 27.c3 Rd8 28.Nf4 Rhg8 29.Kh2 Rd7
30.Nh5 d4 31.cxd4+ cxd4 32.Nxf6 Kxf6 33.Kg3 Ke5 34.Rc1 d3 35.Rc4 e3 36.Kf3 e2
37.Rg1 Kf6 38.Re4 Rd6 39.Ke3 Rc8 40.Bh5 Rc1 41.Rg6+ Kxf5 42.Rf4+ Ke5 43.Re4+ Kf5
44.Rf4+ Ke5 45.Re4+ Kf5  1/2-1/2

[Event "Chess.com RCC Wk23 Swiss"]
[Site "chess.com INT"]
[Date "2022.07.30"]
[Round "2"]
[White "Nakamura,Hi"]
[Black "Darini,P"]
[Result "1-0"]
[WhiteElo "2760"]
[BlackElo "2426"]

1.Nf3 Nf6 2.e3 c5 3.d4 cxd4 4.exd4 d5 5.Bd3 Nc6 6.c3 Bg4 7.Bf4 e6 8.Qb3 Bd6
9.Qxb7 Bxf4 10.Qxc6+ Kf8 11.Ne5 Bxe5 12.dxe5 Nd7 13.f4 Rb8 14.Bb5 Kg8 15.Nd2 a6
16.Qxd7 Qb6 17.Be2 Qe3 18.Nf3 h5 19.Rb1 Bf5 20.Ng5 Rf8 21.Rd1 Qxf4 22.h4 Qxe5
23.Qa7 Bg4 24.Qf2 f6 25.Nf3 Qb8 26.b3 Qc7 27.c4 Qa5+ 28.Rd2 dxc4 29.Bxc4 Kh7
30.O-O Rd8 31.Rfd1 Rxd2 32.Rxd2 e5 33.Bd3+ f5 34.Ng5+ Kg6 35.Rc2 Rf8 36.Rc5 Rf6
37.Rxa5  1-0

[Event "Chess.com RCC Wk23 Swiss"]
[Site "chess.com INT"]
[Date "2022.07.30"]
[Round "3"]
[White "Le,Quang Liem"]
[Black "Nakamura,Hi"]
[Result "1/2-1/2"]
[WhiteElo "2722"]
[BlackElo "2760"]

1.d4 Nf6 2.c4 e6 3.Nc3 Bb4 4.Nf3 O-O 5.e3 c5 6.Bd3 d5 7.O-O cxd4 8.exd4 dxc4
9.Bxc4 b6 10.Bd3 h6 11.a3 Bd6 12.Ne5 Bb7 13.Re1 Nc6 14.Bc2 Bxe5 15.dxe5 Qxd1
16.Bxd1 Nd7 17.f4 Nc5 18.Be3 Nd3 19.Re2 Rad8 20.Rd2 Na5 21.b3 Nc5 22.Rxd8 Rxd8
23.b4 Ncb3 24.Bxb3 Nxb3 25.Rd1 Rc8 26.Rd3 Ba6 27.b5 Bb7 28.Kf2 Na5 29.Ne2 Bd5
30.Rc3 Nc4 31.Nd4 Ra8 32.Nc6 Bxc6 33.bxc6 b5 34.a4 a6 35.axb5 axb5 36.Rb3 Rc8
37.Rxb5 Rxc6 38.Rc5 Rxc5 39.Bxc5 g5 40.fxg5 Nxe5 41.Kg3 hxg5 42.Be7 g4 43.Bf6 Nd7
44.Bb2 f5 45.Kf4 Kf7 46.Kg5 Nc5 47.h4 Ne4+ 48.Kf4 Kg6 49.Ke5 Nc5 50.Bd4 Nd3+
51.Kxe6 f4 52.h5+ Kxh5 53.Kf5 Kh4 54.Ba7 Kg3 55.Bb8 Kxg2 56.Bxf4 Kf3 57.Bb8 Nf2
58.Kg5 Ne4+ 59.Kh4 Nc5 60.Bc7 Ne6 61.Bg3 Nf4 62.Bh2 Nd3 63.Bg3 Nb4 64.Bh2 Nc6
65.Bg3 Ne7 66.Bh2 Nf5+ 67.Kg5 Ne3 68.Kh4 Nc2 69.Kg5 Na3 70.Kh4 Nc4 71.Kg5 Nb6
72.Kh4 Nd7 73.Kg5 Nf8 74.Kh4 Ne6 75.Kh5 Nc5 76.Kg5 Nd3 77.Kh4 Ne1 78.Kg5 Ng2
79.Kh5 Nf4+ 80.Kg5 Nd5 81.Kh4 Nb6 82.Kg5 Nc8 83.Kh4 Ne7 84.Kg5 Nd5 85.Kh4 Nc3
86.Kg5 Nb1 87.Kh4 Nd2 88.Kg5 Nf1 89.Bb8 Ng3 90.Kh4 Nh1 91.Bh2 Nf2 92.Kg5 Nd3
93.Kh4 Nb4 94.Kg5 Nc6 95.Kh4 Nd8 96.Kg5 Nf7+ 97.Kh4 Nh6 98.Kg5 Kg2 99.Bb8 Kf3
100.Kxh6 g3 101.Bxg3  1/2-1/2

[Event "Chess.com RCC Wk23 Swiss"]
[Site "chess.com INT"]
[Date "2022.07.30"]
[Round "4"]
[White "Nakamura,Hi"]
[Black "Yoo,Christopher Woojin"]
[Result "1/2-1/2"]
[WhiteElo "2760"]
[BlackElo "2550"]

1.Nf3 d5 2.e3 Nf6 3.b3 b6 4.Bb2 Bb7 5.c4 e6 6.g3 Bd6 7.Bg2 O-O 8.cxd5 Nxd5
9.O-O c5 10.Qe2 Nd7 11.Rd1 e5 12.Na3 Qe7 13.Nc4 Bc7 14.d3 Rad8 15.a3 a5 16.Rac1 Rfe8
17.Qc2 b5 18.Ncd2 Bb6 19.e4 Nc7 20.a4 bxa4 21.Nc4 Na6 22.Nxb6 Nxb6 23.bxa4 Bc6
24.Nxe5 Bxa4 25.Qc3 f6 26.Nc4 Bxd1 27.Nxb6 Bh5 28.Qc4+ Qe6 29.Qxa6 Rb8 30.Qxa5 Qxb6
31.Qxb6 Rxb6 32.Ba3 Rb3 33.Bxc5 Rxd3 34.Re1 Red8 35.h3 Rd1 36.Rxd1 Rxd1+
37.Kh2 Be2 38.g4 Bf1 39.Bf3 Rd2 40.Be3 Rb2 41.Kg3 Be2 42.Bg2 Bd3 43.h4 h6
44.g5 hxg5 45.hxg5 Kf7 46.gxf6 gxf6 47.Kf4 Be2 48.Bh3 Rb1 49.Bd7 Rh1 50.Kg3 Rg1+
51.Kf4 Rh1 52.Bf5 Bc4 53.Bg4 Be6 54.Bf3 Rh3 55.Bb6 Rh4+ 56.Kg3 Rh3+ 57.Kg2 Rh4
58.Bc7 Bg4 59.Bg3 Bxf3+ 60.Kxf3 Rh8 61.Kg4 Re8 62.Kf5 Ra8 63.Kf4 Ra5 64.Bh4 Rb5
65.f3 Kg6 66.Be1 Rb3 67.Ba5 Rd3 68.Bc7 Rb3 69.Kg4 Rb5 70.Kf4 f5 71.e5 Rb4+
72.Kg3 Kf7 73.f4 Ke6 74.Bd8 Rb3+ 75.Kh4 Rf3 76.Bg5 Rf1 77.Kh5 Rh1+ 78.Kg6 Rg1  1/2-1/2

[Event "Chess.com RCC Wk23 Swiss"]
[Site "chess.com INT"]
[Date "2022.07.30"]
[Round "5"]
[White "Nakamura,Hi"]
[Black "Kravtsiv,M"]
[Result "1-0"]
[WhiteElo "2760"]
[BlackElo "2598"]

1.Nf3 d5 2.e3 Nf6 3.b3 e6 4.Bb2 Be7 5.g3 O-O 6.Bg2 b6 7.O-O Bb7 8.d3 a5 9.a3 c5
10.a4 Na6 11.Na3 Nb4 12.Nb5 Ne8 13.Qe2 Nc7 14.e4 Nxb5 15.axb5 d4 16.Ne5 Qe8
17.f4 Qxb5 18.f5 f6 19.Nc4 e5 20.g4 Qc6 21.g5 Ba6 22.gxf6 Bxf6 23.Bc1 Bxc4
24.bxc4 a4 25.Kh1 b5 26.cxb5 Qxb5 27.Ba3 Rfc8 28.Rg1 Rab8 29.Bf1 Qc6 30.Bc1 Na6
31.Qg4 Rc7 32.Ba3 Nb4 33.Qe2 Rcb7 34.Qd2 Kh8 35.c3 dxc3 36.Qxc3 Rc7 37.Be2 Nd5
38.exd5 Qxd5+ 39.Rg2 e4 40.d4 Qxd4 41.Qxd4 Bxd4 42.Rd1 Rb3 43.Rg3 e3 44.Bxc5 Rxc5
45.Rxd4 Kg8 46.Bc4+ Rxc4 47.Rxc4 a3 48.f6 g6 49.Rf3 Rb8 50.f7+ Kf8 51.Re4 a2
52.Re8+ Rxe8 53.fxe8=Q+  1-0

[Event "Chess.com RCC Wk23 Swiss"]
[Site "chess.com INT"]
[Date "2022.07.30"]
[Round "6"]
[White "Nyzhnyk,I"]
[Black "Nakamura,Hi"]
[Result "1/2-1/2"]
[WhiteElo "2686"]
[BlackElo "2760"]

1.d4 Nf6 2.c4 e6 3.Nf3 d5 4.g3 Be7 5.Bg2 O-O 6.O-O dxc4 7.Qa4 b6 8.Qxc4 Bb7
9.Nc3 Nbd7 10.Rd1 c5 11.dxc5 Rc8 12.Qa4 Bc6 13.Qf4 Bxc5 14.Ne5 Bxg2 15.Kxg2 Qe7
16.Nxd7 Nxd7 17.Ne4 Rfd8 18.Nxc5 Nxc5 19.Be3 Qb7+ 20.f3 Nd7 21.Qd6 Qa8 22.Rac1 Nf6
23.Rxc8 Rxc8 24.Bg5 Ne8 25.Qe7 Rc7 26.Rd8 Rxe7 27.Rxa8 f6 28.Bd2 Kf7 29.Bb4 Rb7
30.Kf2 Nc7 31.Rf8+ Kg6 32.e4 Na6 33.Ba3 b5 34.Bd6 Rd7 35.e5 fxe5 36.Bxe5 Nb4
37.f4 Nxa2 38.Rb8 a6 39.Rb6 Nb4 40.Bc3 Nd5  1/2-1/2

[Event "Chess.com RCC Wk23 Swiss"]
[Site "chess.com INT"]
[Date "2022.07.30"]
[Round "7"]
[White "Nakamura,Hi"]
[Black "Fedoseev,Vl3"]
[Result "0-1"]
[WhiteElo "2760"]
[BlackElo "2686"]

1.Nf3 d5 2.e3 c5 3.b3 a6 4.Bb2 Nc6 5.g3 Bf5 6.Bg2 Nf6 7.O-O e6 8.Nh4 Be4
9.f3 Bg6 10.d3 Bd6 11.Nxg6 hxg6 12.f4 Qe7 13.c4 Rd8 14.Nd2 Bc7 15.Qe2 O-O
16.Rad1 Rfe8 17.e4 dxc4 18.Nxc4 Nd4 19.Bxd4 Rxd4 20.Ne3 e5 21.f5 g5 22.g4 Qd8
23.Kh1 b5 24.Bf3 Bb6 25.Rg1 Rd6 26.Rgf1 Qd7 27.h4 Nh7 28.hxg5 Nxg5 29.Kg2 c4
30.Nd5 Rxd5 31.exd5 cxd3 32.Qd2 Nxf3 33.Rxf3 e4 34.Re3 Bxe3 35.Qxe3 Qxd5
36.Re1 f6 37.Kg3 Qe5+ 38.Kg2 Rd8 39.Rd1 Rc8 40.Rd2 Rc2 41.Kh3 Rxd2 42.Qxd2 e3  0-1

[Event "Chess.com RCC Wk23 Swiss"]
[Site "chess.com INT"]
[Date "2022.07.30"]
[Round "8"]
[White "Shimanov,A"]
[Black "Nakamura,Hi"]
[Result "0-1"]
[WhiteElo "2581"]
[BlackElo "2760"]

1.e4 d5 2.exd5 Qxd5 3.Nf3 Bg4 4.Be2 Nc6 5.h3 Bh5 6.d4 e6 7.O-O O-O-O 8.c3 Nf6
9.Be3 g5 10.Nxg5 Bxe2 11.Qxe2 Rg8 12.f4 Rg7 13.Nd2 h6 14.Ngf3 Qh5 15.Kh1 Bd6
16.Rae1 Rdg8 17.Rf2 Ng4 18.Ref1 Ne7 19.Ne4 Nf5 20.Bd2 Be7 21.Ne5 Nxf2+ 22.Rxf2 Qxe2
23.Rxe2 Nd6 24.Nc5 h5 25.Be1 Nf5 26.Ne4 f6 27.Nd3 b6 28.Nd2 Kd7 29.Nf3 Bd6
30.Kg1 c5 31.dxc5 Bxc5+ 32.Kh2 Bd6 33.c4 Rg6 34.a4 Re8 35.Kg1 Kc6 36.Bc3 Kb7
37.b3 Bc7 38.Re1 Rd8 39.Nf2 Bxf4 40.Rxe6 Be3 41.Kf1 Bc5 42.g4 Ne3+ 43.Ke2 hxg4
44.hxg4 Nxg4 45.Ne4 Bf8 46.a5 Rh6 47.axb6 axb6 48.Bd4 f5 49.Rxh6 Nxh6 50.Nc3 Nf7
51.Nd5 b5 52.Kd3 bxc4+ 53.bxc4 Ra8 54.Bc3 Ra3 55.Kc2 Bc5 56.Ne1 Ng5 57.Nd3 Bf8
58.Bb2 Ra8 59.Ne3 Rc8 60.Nxf5 Rxc4+ 61.Kb3 Rg4 62.Nd4 Ne4 63.Kc4 Nd2+ 64.Kc3 Nf1
65.Kc2 Rg2+ 66.Kb3 Nd2+ 67.Ka4 Nc4 68.Bc3 Rg3 69.Kb3 Nb6 70.Kc2 Nd5 71.Bd2 Rg2
72.Kd1 Bd6 73.Nf5 Rg1+ 74.Ke2 Bc7 75.Ne3 Nf6 76.Kf3 Rg3+ 77.Ke2 Ne4 78.Be1 Rh3
79.Nf2 Ng3+ 80.Kf3 Rh7 81.Nfg4 Rf7+ 82.Kg2 Nh5 83.Nf2 Nf4+ 84.Kf3 Kc6 85.Bd2 Nh3+  0-1

[Event "Chess.com RCC Wk23 Swiss"]
[Site "chess.com INT"]
[Date "2022.07.30"]
[Round "9"]
[White "Nakamura,Hi"]
[Black "Kovalev,Vl"]
[Result "0-1"]
[WhiteElo "2760"]
[BlackElo "2623"]

1.Nf3 Nf6 2.b3 e6 3.Bb2 d5 4.g3 b6 5.Bg2 Bb7 6.d3 c5 7.e3 Be7 8.O-O O-O 9.Qe2 Nc6
10.Rd1 Qc7 11.Nbd2 Rfd8 12.c4 dxc4 13.bxc4 Rab8 14.a3 a6 15.Rdc1 b5 16.cxb5 axb5
17.d4 cxd4 18.Bxd4 Qa5 19.Nb3 Qa4 20.Bxf6 Bxf6 21.Nc5 Qa7 22.Nxb7 Rxb7 23.Rab1 Rb6
24.Nd2 Ne5 25.Rb3 Be7 26.Ra1 b4 27.a4 Ra6 28.Rbb1 Rxa4 29.Rxa4 Qxa4 30.Nb3 g6
31.Nd4 Bc5 32.Nb3 Bb6 33.Be4 h5 34.h3 Nd7 35.Qc4 Qa2 36.Qxb4 Qa7 37.Kg2 Nf6
38.Ra1 Qc7 39.Bf3 Nd5 40.Qb5 h4 41.gxh4 Bxe3 42.Bxd5 Qc2 43.Bb7 Qxf2+ 44.Kh1 Qg3
45.Qe2 Bf4 46.Bf3 Qxh3+ 47.Kg1 Qg3+ 48.Qg2 Be3+ 49.Kh1 Qxh4+ 50.Qh2 Qc4 51.Na5 Qc3
52.Qa2 Kg7 53.Nc4 Bd4 54.Rf1 Qd3 55.Kg2 Rh8 56.Qe2 Qf5 57.Bg4 Qg5 58.Nd6 f5
59.Rd1 Qf4 60.Nxf5+ gxf5 61.Bh3 Be5 62.Rg1 Kf6 63.Qd3 Qh2+  0-1

[Event "Chess.com RCC Wk24 Swiss"]
[Site "chess.com INT"]
[Date "2022.08.06"]
[Round "1"]
[White "Nakamura,Hi"]
[Black "Chigaev,M"]
[Result "1/2-1/2"]
[WhiteElo "2768"]
[BlackElo "2641"]

1.Nf3 Nf6 2.b3 g6 3.Bb2 Bg7 4.d4 O-O 5.e3 d6 6.g3 e5 7.dxe5 dxe5 8.Qxd8 Rxd8
9.Nxe5 Na6 10.Nd3 Bf5 11.Na3 Be4 12.Rg1 Bxd3 13.cxd3 Nb4 14.d4 c5 15.O-O-O Ne4
16.f3 Nxa2+ 17.Kc2 Nb4+ 18.Kb1 Ng5 19.Bg2 cxd4 20.exd4 Ne6 21.Rge1 Bxd4 22.Bf1 Bf2
23.Rxd8+ Rxd8 24.Rc1 Bd4 25.Rd1 Bxb2 26.Rxd8+ Nxd8 27.Kxb2 Ndc6 28.f4 Kf8
29.Bg2 Ke7 30.Nc4 b5 31.Nd2 f5 32.Nf3 a6 33.Ng5 h6 34.Nf3 Kf6 35.Ne1 Ke6
36.Nf3 Nd3+ 37.Kc3 Nc5 38.Nh4 Ne7 39.b4 Ne4+ 40.Kd4 Nc6+ 41.Ke3 Kf6 42.Bxe4 fxe4
43.Kxe4 Nxb4 44.Nf3 Nc6 45.g4 b4 46.Kd5 Ne7+ 47.Kc4 a5 48.h3 g5 49.fxg5+ hxg5
50.h4 gxh4 51.g5+ Ke6 52.Nxh4 Nc6 53.g6 a4 54.g7 Kf7 55.Nf5 a3 56.Kb3 Na5+
57.Ka2 Nc4 58.Nd4 Kxg7 59.Nc2 Kf6 60.Nxb4 Ke5 61.Nc2 Kd5 62.Nxa3  1/2-1/2

[Event "Chess.com RCC Wk24 Swiss"]
[Site "chess.com INT"]
[Date "2022.08.06"]
[Round "2"]
[White "Rasulov,Vu"]
[Black "Nakamura,Hi"]
[Result "1-0"]
[WhiteElo "2480"]
[BlackElo "2768"]

1.d4 f5 2.c4 Nf6 3.g3 g6 4.Bg2 Bg7 5.Nf3 O-O 6.O-O d6 7.Nc3 c6 8.Qb3 Kh8
9.Re1 Ne4 10.Bf4 Qa5 11.Rad1 Nxc3 12.bxc3 e5 13.dxe5 dxe5 14.Nxe5 Qb6 15.h4 Na6
16.e4 fxe4 17.Bxe4 Nc5 18.Qxb6 axb6 19.Bxg6 Be6 20.Bb1 Rfe8 21.h5 Kg8 22.Re3 Rf8
23.Rde1 Rad8 24.Bg5 Rde8 25.h6 Bh8 26.Nf3 Bd7 27.Be7 Rxe7 28.Rxe7 Rxf3 29.Bxh7+ Kf8
30.Bg6 Kg8 31.Kg2 Rf6 32.h7+ Kf8 33.Re8+ Bxe8 34.Rxe8+ Kg7 35.Rg8+ Kh6 36.Bc2 Ne6
37.Rxh8 Nf8 38.Rg8 Nxh7 39.Rh8 Rf7 40.f4 Rd7 41.Kf3  1-0

[Event "Chess.com RCC Wk24 Swiss"]
[Site "chess.com INT"]
[Date "2022.08.06"]
[Round "3"]
[White "Nakamura,Hi"]
[Black "Matlakov,M"]
[Result "1-0"]
[WhiteElo "2768"]
[BlackElo "2671"]

1.e4 c5 2.Nf3 e6 3.c3 Nf6 4.e5 Nd5 5.d4 cxd4 6.cxd4 d6 7.Bd3 dxe5 8.Nxe5 Bb4+
9.Nd2 O-O 10.a3 Be7 11.Ndf3 Nd7 12.h4 f5 13.Qe2 Nxe5 14.dxe5 Bd7 15.h5 h6
16.O-O Qe8 17.Nd4 Bc5 18.Nc2 Rc8 19.Bd2 Qe7 20.g3 a6 21.Ne1 Qf7 22.Ng2 Be8
23.Rac1 Rc7 24.Bc4 Bc6 25.Bxd5 Bxd5 26.Nf4 Be4 27.Be3 Rfc8 28.Rxc5 Rxc5 29.Bxc5 Rxc5
30.Rd1 Rc8 31.Qd2 Kh7 32.Qe3 Qc7 33.f3 Qc2 34.Re1 Bd5 35.Nxd5 exd5 36.e6 Qxb2
37.e7 Re8 38.Qe6 Qf6 39.Qd7 Qf7 40.Qxb7 d4 41.Qxa6 d3 42.Qxd3 Qxh5 43.Kg2 Qg5
44.f4 Qf6 45.Qd7 Qf7 46.a4 h5 47.Qe6  1-0